000 00426cam a2200145ua 4500
020 _a9780884156581
082 _a621.8672
_bPAR/PI
100 _aParisher, Roy A .
_91514
100 _aRhea, Robert A .
_91515
245 _aPipe Drafting and Design Workbook: Using Manual, Autocad, and Pro-Pipe Applications /
250 _a1 /
260 _aLondon :
_bGulf Publishing Company ,
_c1996.
300 _a116 ; .
942 _cREF
999 _c6813
_d6813